000 00306nam a22001337a 4500
008 181024b xxu||||| |||| 00| 0 eng d
020 _a9780132545167
041 _aeng
080 _25 ED
_a621
100 _a27
101 _aENG
245 _aEngine Performance Diagnosis
_cJames.D.H
942 _2udc
_cBK
999 _c50875
_d50875